BIBLIOTECA

SENCICO

Aplicación de la topografía y la fotogrametría a la intervención en el patrimonio / (Registro nro. 497)

Detalles MARC
000 -LEADER
fixed length control field 01168nam a2200277Ia 4500
003 - CONTROL NUMBER IDENTIFIER
control field PE SENCICO BE
005 - DATE AND TIME OF LATEST TRANSACTION
control field 20251020182439.0
008 - FIXED-LENGTH DATA ELEMENTS--GENERAL INFORMATION
fixed length control field 200515s9999 xx 000 0 und d
020 ## - INTERNATIONAL STANDARD BOOK NUMBER
International Standard Book Number 978-84-8138-928-9
040 ## - CATALOGING SOURCE
Original cataloging agency PE SENCICO BE
Transcribing agency PE SENCICO BE
041 ## - LANGUAGE CODE
Language code of text/sound track or separate title spa
082 ## - DEWEY DECIMAL CLASSIFICATION NUMBER
Classification number 526.982
Item number A
245 10 - TITLE STATEMENT
Title Aplicación de la topografía y la fotogrametría a la intervención en el patrimonio /
Statement of responsibility, etc. Francisco Maza Vásquez, Fernando Da Casa Martín, Jorge Luis López Viejo, Marta Lorenzana Fernández ... [y otros]
250 ## - EDITION STATEMENT
Edition statement [1a ed.]
260 ## - PUBLICATION, DISTRIBUTION, ETC.
Place of publication, distribution, etc. Madrid :
Name of publisher, distributor, etc. Universidad de Alcalá,
Date of publication, distribution, etc. 2011
300 ## - PHYSICAL DESCRIPTION
Extent 103 páginas :
Other physical details ilustraciones, tablas, gráficos a colores ;
Dimensions 24 cm.
490 ## - SERIES STATEMENT
Series statement Textos universitarios ;
-- Arquitectura
505 0# - FORMATTED CONTENTS NOTE
Formatted contents note Introducción al objeto -- Memoria topográfica -- Restitución fotogramétrica -- Aplicaciones prácticas del método
650 10 - SUBJECT ADDED ENTRY--TOPICAL TERM
Topical term or geographic name entry element Fotogrametría
9 (RLIN) 120
650 20 - SUBJECT ADDED ENTRY--TOPICAL TERM
Topical term or geographic name entry element Topografía
9 (RLIN) 4
650 20 - SUBJECT ADDED ENTRY--TOPICAL TERM
Topical term or geographic name entry element Métodos topográficos
9 (RLIN) 1235
700 1# - ADDED ENTRY--PERSONAL NAME
9 (RLIN) 3248
Personal name Maza Vásquez, Francisco
Relator term autor
700 1# - ADDED ENTRY--PERSONAL NAME
9 (RLIN) 3277
Personal name Da Casa Martin, Fernando
Relator term autor
700 1# - ADDED ENTRY--PERSONAL NAME
9 (RLIN) 3278
Personal name López Viejo, Jorge Luis
Relator term autor
942 ## - ADDED ENTRY ELEMENTS (KOHA)
Koha item type Libros
Source of classification or shelving scheme Dewey Decimal Classification
Existencias
Fecha de la última vez que lo usaron Número de ingreso o de inventario Pago total Signatura topográfica completa Código de barras Precio efectivo desde Tipo de documento Estado perdido Sistema de clasificación Estado dañado No es para préstamo Retirado Ubicación permanente Ubicación actual Fecha de adquisición
15/05/2020 15317   526.982/A BibLima25080029 15/05/2020 Libros   Dewey Decimal Classification       Biblioteca Central Lima Biblioteca Central Lima 15/05/2020